000 00544nam a22001817a 4500
003 OSt
005 20250815101436.0
008 250815b |||||||| |||| 00| 0 eng d
020 _a1-57145-715-1
040 _aDWC-Main Lib
_cOC
082 _aCirc. 641.6 L433 2002
245 _aLe cordon bleu complete cook home collection/
260 _aSandiego, California :
_bThunder Bay Press,
_cc2002.
300 _a576 pages :
_bcolor illustrations ;
_c26cm.
504 _aIncludes index.
650 _a1. Cooking.
942 _2ddc
_cBK-CIRC
_kCirc.
_n0
999 _c3984
_d3984